00505nam a22001577a 4500020001800000040000900018082001700027100004800044245006600092250001600158260002800174300001100202942001200213999001900225952010300244 a9789810694067 cSCME a670.42 K148M aSerope Kalpakjian, Steven R. Schmid9127771 aManufacturing engineering and technology /cSerope Kalpakjian a7th edition aHongKongbPearsonc2014 a1166p. 2ddccBK c594995d594995 00102ddc4070aSCMEbSCMEcCARTd2023-06-23o670.42 K148MpSCME-4847r2023-06-23w2023-06-23yBK